00342nam a22001097a 4500008004100000020002200041100001900063245010100082250000800183260003200191300000900223260619b |||||||| |||| 00| 0 eng d a978-902-47-9141-5 aCEZERILO LUIS aObra Poetica de Jose Craveirinha e Eduardo White bUtopia e liberdade no horizonte do possivel  a1ed aMaputobTexto Editorac2008 a288p